| Record ID | ia:realchekhov00davi |
| Source | Internet Archive |
| Download MARC XML | https://archive.org/download/realchekhov00davi/realchekhov00davi_marc.xml |
| Download MARC binary | https://www.archive.org/download/realchekhov00davi/realchekhov00davi_meta.mrc |
LEADER: 01556cam 2200373I 4500
001 ocm00878935
003 OCoLC
005 20220820013208.0
008 740506t19731972nyuc 000 0 eng d
040 $aPGP$beng$cPGP$dOCL$dOCLCG$dDRB$dNIALS$dOCLCQ$dOCLCF$dOCLCO$dKHN$dOCLCA$dNJR$dGILDS$dOCLCQ$dOCLCO
019 $a1044183$a1298144$a3486489$a868980985$a987046718
020 $a0048910449
020 $a9780048910448
020 $a0064945049
020 $a9780064945042
035 $a(OCoLC)878935$z(OCoLC)1044183$z(OCoLC)1298144$z(OCoLC)3486489$z(OCoLC)868980985$z(OCoLC)987046718
050 4 $aPG3458.Z8$bM26 1973
082 04 $a891.7/2/3
100 1 $aMagarshack, David.
245 14 $aThe real Chekhov:$ban introduction to Chekhov's last plays.
260 $aNew York,$bBarnes and Noble,$c[1973, ©1972]
300 $a249 pages$bportrait$c23 cm
336 $atext$btxt$2rdacontent
337 $aunmediated$bn$2rdamedia
338 $avolume$bnc$2rdacarrier
505 00 $tSeagull --$tUncle Vanya --$tThree sisters --$tCherry orchard.
600 10 $aChekhov, Anton Pavlovich,$d1860-1904$xCriticism and interpretation.
600 14 $aChekhov, Anton Pavlovich,$d1860-1904.
600 17 $aChekhov, Anton Pavlovich,$d1860-1904.$2fast$0(OCoLC)fst00045578
655 7 $aCriticism, interpretation, etc.$2fast$0(OCoLC)fst01411635
776 08 $iOnline version:$aMagarshack, David.$tReal Chekhov.$dNew York, Barnes and Noble, [1973, ©1972]$w(OCoLC)894773529
029 1 $aNZ1$b4915659
994 $aZ0$bIME
948 $hNO HOLDINGS IN IME - 312 OTHER HOLDINGS